000
00339nam a22001457a 4500
008
230717b ||||| |||| 00| 0 eng d
020
_a
9780321228239
041
_a
eng
080
_2
SEVENTH EDITION
_a
51
082
_a
51LIA
100
_a
23
101
_a
MATEM
245
_a
FINITE MATHEMATICS AND CALCULUS
_c
LIAL.G.R
942
_2
udc
_c
BK
999
_c
60148
_d
60148